000 00668nam a2200181 i 4500
001 162685
003 ES-MaACL
005 20250815113046.0
008 951113m18681872sp |||| | spa d
040 _aCLM
_bspa
_cCCPB | SIC
100 1 _aPuerta, Gabriel de la.
_9131407
245 1 0 _aQuímica orgánica
_b: general y aplicada a la farmacia, medicina, industria, agricultura y artes /
_cpor Gabriel de la Puerta.
260 _aMadrid :
_b[s.n.],
_c1868-1872 (
_fEstablecimiento Tipográfico de T. Fortanet)
300 _a3 v. ;
_c25 cm.
650 7 _aQuímica orgánica
_2embne
_9136799
852 4 _aES-MaACL
_jG-5293-95
_z-- Enc. hol.
999 _c162685
_d162685